000 00421nab a2200145Ia 4500
003 ES-SlBCS
005 20210601131739.0
008 140529s1953 xxu||||| |||| 00| 0 fre d
041 _afre
100 1 _aCarrouges, Michel
_919089
245 0 0 _aLe vrai mythe du XXe siècle
_c Michel Carrouges
650 0 4 _aMito-Siglo XX
_9188519
773 0 _tVie Intelectuelle (La)
_gnº. 8-9, 1953, págs. 102-113
_wRev907
942 _cAR
999 _c568100
_d568100